000 00518nam a2200181Ia 4500
003 OSt
005 20200918095956.0
008 190216s9999||||xx |||||||||||||| ||und||
020 _a9788122427813
040 _coclc
082 _a620.5
_bBAN/N
100 _aA K Bandyopadhyay
_94263
245 0 _aNano Materials /
_cA K Bandyopadhyay
250 _a2nd Ed.
260 _bNew Age International Publishers,
_c2011.
_aNew Delhi:
300 _a308p
942 _cBK
_2ddc
_h620.5
_iBAN/N
_k620.5
_mBAN/N
999 _c34424
_d34424